| 000 | 00400nam a2200157Ia 4500 | ||
|---|---|---|---|
| 008 | 210719s1963 xx 000 0 und d | ||
| 041 | _aeng | ||
| 082 | _a813.54 INNC | ||
| 100 | _aINNES (Michael) | ||
| 245 | _aCase of the journeying boy. | ||
| 260 |
_aN Y _bBerkley Publishing Corporation _c1963 |
||
| 300 |
_a288 _bPB |
||
| 365 | _cRs | ||
| 650 | _aAmerican English Fiction | ||
| 906 | _aFiction | ||
| 999 |
_c212982 _d212982 |
||